000 00563nam a2200205Ia 4500
005 20250508152858.0
008 008 250505s9999 xx 000 0 eng d
037 _aTextBook
040 _aFEDL
_beng
_cFEDL
041 _aeng
_2eng
084 _a025.7, LYD
_qFEDL
100 _aLydenberg Harry Miller
_944007
245 0 _aCare and repair of books
260 _aNew York, USA
_bR. R. bowker Co.
_c1960
300 _a122p
650 _aLibrary Science
700 _a Archer John
_9762633
942 _cTB
_h025.7, LYD
999 _c1339360
_d1339360